Top 25 Trading Partners - France - Statistics

General Stats
  • This quiz has been taken 87 times
  • The average score is 44 of 50
Answer Stats
Hint Answer % Correct
1st Place: 83,212 Germany
99%
1st Place: 102,253 Germany
99%
4th Place: 42,748 Italy
98%
3rd Place: 50,411 Italy
98%
6th Place: 38,386 United Kingdom
98%
8th Place: 24,279 United Kingdom
98%
3rd Place: 44,323 Spain
96%
5th Place: 42,899 Spain
96%
2nd Place: 45,309 United States of America
96%
6th Place: 41,583 United States of America
96%
7th Place: 24,618 China
95%
2nd Place: 59,036 China
95%
5th Place: 40,321 Belgium
94%
4th Place: 46,401 Belgium
94%
20th Place: 5,331 Brazil
93%
8th Place: 20,863 Netherlands
93%
7th Place: 30,049 Netherlands
93%
18th Place: 6,030 Sweden
91%
18th Place: 7,636 Sweden
91%
9th Place: 18,902 Switzerland
91%
9th Place: 17,636 Switzerland
91%
13th Place: 7,072 Turkey
91%
13th Place: 9,474 Turkey
91%
12th Place: 7,814 Japan
90%
11th Place: 11,870 Japan
90%
16th Place: 6,266 Portugal
90%
15th Place: 7,912 Portugal
90%
15th Place: 6,280 Russia
90%
12th Place: 11,810 Russia
90%
14th Place: 6,530 India
89%
19th Place: 7,097 India
89%
16th Place: 7,810 Ireland
89%
10th Place: 11,686 Poland
89%
10th Place: 12,697 Poland
89%
17th Place: 6,225 Algeria
88%
24th Place: 4,763 Austria
86%
20th Place: 7,020 Austria
86%
21st Place: 5,184 Morocco
85%
22nd Place: 6,272 Morocco
85%
22nd Place: 5,116 South Korea
85%
19th Place: 5,727 Czech Republic
83%
14th Place: 8,972 Czech Republic
83%
25th Place: 4,144 Hungary
78%
23rd Place: 4,934 Romania
78%
25th Place: 5,044 Romania
78%
17th Place: 7,705 Saudi Arabia
77%
21st Place: 6,413 Vietnam
72%
23rd Place: 5,612 Slovakia
70%
24th Place: 5,297 Tunisia
69%
11th Place: 9,711 Singapore
59%
No matching quizzes found
Score Distribution
Percent of People with Each Score
Percentile by Number Answered
Your Score History
You have not taken this quiz